000 00349 a2200157 4500
001 56638
020 _a852626480X
040 _cAnchieta - Pituba
100 _aMendonça, Lúcio de
240 1 0 _aHistórias do realismo
_lpor
245 1 0 _aHistórias do realismo
300 _a136
362 0 _a2006
650 4 _aLiteratura juvenil
942 _cBK
999 _c56638
_d56638